000 01479cam a22004574i 4500
003 PE-LiUPU
005 20250731173257.0
008 150616s r 000 0 d
020 _a8425411432
035 _a(Sirsi) i9788425411434
040 _aPE-LiUPU
_bspa
_cPE-LiUPU
_erda
049 _aPRUA
082 0 4 _a261.2
_bB554c
_223
100 1 _aBesançon, Alaín,
_eautor.
245 1 3 _aLa confusión de lenguas :
_bLa crisis ideológica de la iglesia /
_cAlain Besacon.
264 1 _aBarcelona :
_bHerder,
_c1981.
300 _a167 páginas ;
_c20 centímetros.
336 _atext
_2rdacontent
337 _aunmediated
_2rdamedia
338 _avolume
_2rdacarrier
504 _aIncluye bibliografía.
505 0 _aRomanticismo -- Desestablecimiento -- Liberalismo, socialismo, comunismo -- Nazismo -- La posguerra -- Gnosis, ideología, marcionismo.
526 _aSEG42
526 _aSEG41
526 _aSEG40
526 _aSEG39
526 _aP94
526 _aP87
526 _aP86
526 _aP85
526 _aP77
526 _aP76
526 _aP35
650 0 _aCreencia y duda
_92419
650 0 _aTeoría del conocimiento
_xReligión
_92420
910 _ajck
942 _2ddc
_cBK
_n0
949 _a261.2 B554c
_wDEWEY
_c1
_i21246
_lCCODEBUL1
_mBUL
_r0
_sY
_tBOOK
_u2015-6-16
_xTEOLOGIA
_zUNKNOWN
_0COMPRA
_o.STAFF. Colección General
980 _81
_gALBERTO SANCHEZ Responsable de Automatización
999 _c43804
_d43804